| 000 | 00475nam a2200169Ia 4500 | ||
|---|---|---|---|
| 999 |
_c34189 _d34189 |
||
| 003 | OSt | ||
| 005 | 20200909095217.0 | ||
| 008 | 190216s9999||||xx |||||||||||||| ||und|| | ||
| 040 | _coclc | ||
| 082 |
_a539.7 _bBAS/A |
||
| 100 |
_aBasu, C R _94506 |
||
| 245 | 0 |
_aAtomic And Nuclear Physics / _cC R Basu |
|
| 260 |
_bNew Central Book Agencies, _aKolkata: _c2005. |
||
| 300 | _a291p | ||
| 650 | _aPhysics | ||
| 942 |
_cBK _2ddc _h539.7 _iBAS/A _k539.7 _mBAS/A |
||